Pieseň piesní Kazateľ

Bibliographic Details
Corporate Author: Najkrajšie knihy Slovenska (Kategória: Krásna literatúra., Čestné uznanie za ilustrácie)
Other Authors: Mittelmann-Dedinský, Móric, 1914-1989 (Author of afterword, colophon, etc., Translator), Ondreička, Karol, 1944-2003 (Illustrator)
Format: Conference Proceeding Book
Language:Slovak
PhysicalDescription:99 s. ilustrácie
Published: Bratislava Tatran 1989
ISBN:8022200638
Edition:2. vyd.
Series:Kvety
Subjects:

MARC

LEADER 00000cam a2200000 a 4500
001 vtls009506633
003 SK-MaSNL
005 20260301171254.0
008 231121s1989 xo a j 000 p slo
020 |a 8022200638 
035 |a DFT000048 
035 |a urn:nbn:sk:snk-am3hfaf 
035 |a 6BB3BAF0-B380-4144-850F-453A98029EDA 
035 |a urn:nbn:sk:snk-am00cyaf 
040 |a SNK  |b slo  |a SNK  |e AACR2  |c SNK 
041 0 |a slo 
044 |a xo  |c SK 
245 0 0 |a Pieseň piesní  |b Kazateľ  |c prel., pozn. a doslov nap. M. M.Dedinský; ilustr. Karol Ondreička 
250 |a 2. vyd. 
260 |a Bratislava  |b Tatran  |c 1989  |e Plzeň  |f Stráž) 
300 |a 99 s.  |b ilustrácie 
490 1 |a Kvety 
655 7 |a židovská poézia  |2 SNKPH  |9 79479 
700 1 |a Mittelmann-Dedinský, Móric,  |d 1914-1989  |4 aft  |4 trl  |9 104877 
700 1 |a Ondreička, Karol,  |d 1944-2003  |4 ill  |9 101721 
711 2 |a Najkrajšie knihy Slovenska  |n (25. :  |d 1989  |c Bratislava, Slovensko).  |e Kategória: Krásna literatúra.  |e Čestné uznanie za ilustrácie  |9 538698 
830 0 |a Kvety  |9 278882 
919 |a 80-222-0063-8 
954 |a beletria cudzojazyčná (svetová)  |2 lita 
958 |a LX 
958 |a NT 
958 |a OND 
958 |a EUIPO 
999 |c 830308  |d 832238 
952 |a SNK  |b SNK  |y PREZ  |7 0  |p 17A0786386  |o snkSE 8074  |0 0  |1 0  |4 0  |d 2012-01-24  |f 1  |l 0  |r 2026-02-24 03:35:50  |w 2026-02-24 
952 |t P60, <04>, [BOOK], {604}  |a SNK  |b SNK  |y VYP  |7 0  |p 17A0360494  |o snkSE 8074 D1  |0 0  |1 0  |4 0  |d 2002-10-21  |l 0  |r 2004-12-31 00:00:00  |w 2026-02-24